00546nam a2200169Ia 4500003000900000008004100009040001600050080001700066100002200083245008300105260003600188300001700224490004600241650004100287650002700328700002100355IN-BaIIA211028s9999 xx 000 0 eng d cIIA Library a535.853bJEN aJenkins, Gwilym M 0aSpectral analysis and its applicationscGwilym M. Jenkins and Donald. G. Watts aSan FranciscobHolden-Dayc1968 axviii, 525p. aHolden-Day series in time series analysis aAstronomy and astrophysics thesaurus aSpectroscopic analysis aWatts, Donald G.